000 00445nam a2200181Ia 4500
005 20240823012049.0
008 240823s9999||||xx |||||||||||||| ||und||
041 _aENGLISH
082 _A336.205 P1
100 _aIndian Tax Foundation
245 0 _aTax Reforms in India 1991-2001
250 _a1st
260 _c2001
_b"ITF,New Delhi"
500 _aTRANSFERED
650 _aManagement
_bManagement Studies
942 _cBK
999 _c163329
_d163329